000 00570nam a22002057a 4500
005 20251108173525.0
008 250721s9999 xx 000 0 ara d
082 1 4 _aط/211.81/دوي
100 1 _aبدوي، علي
245 1 0 _aقصة لقمان الحكيم /
264 1 _aالقاهرة :
_bالفرسان 2000،
300 _a16ص.
490 0 _aقصص القرآن
_v8
650 1 7 _aقصص القرآن
650 1 7 _aالحكمة
653 _aالرسل
653 _aمرحلة متوسطة (6-9 سنوات )
942 _2ddc
_cBK
999 _c105966
_d105966